| 000 | 00569nam a22001815i 4500 | ||
|---|---|---|---|
| 001 | 171661 | ||
| 003 | ES-MaACL | ||
| 005 | 20230906214706.0 | ||
| 008 | 090525s1968 sp |||| | cat d | ||
| 080 | _a914.671(02) | ||
| 100 | 1 |
_aSolé Sabarís, L. _9107131 |
|
| 245 | 1 | 0 |
_aGeografía de Catalunya / _c[direcció Lluis Solé i Sabaris]. |
| 260 |
_aBarcelona : _bAedos, _c[1968] |
||
| 300 |
_a1 v., 38 lám. col. : _bil. ; _c30 cm. |
||
| 505 | 8 | _aContiene: 2. Geografía comarcal | |
| 651 | 4 |
_aCataluña- _xGeografía. _98011 |
|
| 852 |
_aES-MaACL _jP-1312 _9R.65737 |
||
| 999 |
_c171661 _d171661 |
||